El colonialismo, 1815-1873: estructuras y cambios en los imperios coloniales
Saved in:
| Main Author: | |
|---|---|
| Format: | Book |
| Language: | Spanish |
| Published: |
Madrid, España
Síntesis
1992
|
| Series: | Historia Universal Contemporánea,
7 |
| Subjects: | |
| Tags: |
Add Tag
No Tags, Be the first to tag this record!
|
MARC
| LEADER | 00000nam a2200000 a 4500 | ||
|---|---|---|---|
| 001 | UCM0517 | ||
| 003 | CL-VaPUC | ||
| 005 | 20210709001711.0 | ||
| 008 | 020301e19920000SP |||||||||||||||||spa|d | ||
| 999 | |c 299421 |d 299419 | ||
| 040 | |c Pontificia Universidad Católica de Valparaíso | ||
| 082 | 0 | 4 | |a 325.3 HER 1992 |2 21 |
| 100 | |a Hernández Sandoica, Elena |e author |9 502304 | ||
| 245 | 1 | 3 | |a El colonialismo, 1815-1873: |b estructuras y cambios en los imperios coloniales |
| 260 | |a Madrid, España |b Síntesis |c 1992 | ||
| 300 | |a 151 páginas | ||
| 490 | 0 | |a Historia Universal Contemporánea, |v 7 | |
| 583 | |a last modification |c 20020301 00:00:00 |k Rodrigo Vera | ||
| 650 | 0 | |a Imperialismo |9 258264 | |
| 650 | 7 | |a LIBERALISMO ECONOMICO |2 CL-VaPUC |9 391894 | |
| 650 | 0 | |a Desarrollo económico y social |9 256320 | |
| 650 | 0 | |a Esclavitud |9 323605 | |
| 650 | 7 | |a MERCANTILISMO |2 CL-VaPUC |9 313449 | |
| 650 | 7 | |a REVOLUCION SOCIAL |2 CL-VaPUC |9 368853 | |
| 942 | |c BK |2 ddc | ||
| 945 | |d 20020301 00:00:00 |a cmena | ||
| 952 | |0 0 |1 0 |2 ddc |4 0 |6 325_300000000000000_HER_1992 |7 0 |8 A |9 355954 |a BIBHIS |b BIBHIS |d 2019-11-21 |i 3794180 |l 3 |o 325.3 HER 1992 |p 3794180 |r 2025-01-20 |s 2024-06-11 |t 1 |w 2019-11-21 |y BK |k HIS | ||